The Mathematical Theory of Minority Games : Statistical mechanics of interacting agents

Salvato in:
Dettagli Bibliografici
Autore principale: Coolen, A.C.C (Autore)
Natura: Libro
Lingua:inglese
Pubblicazione: New York : Oxford University Press, 2005
Tags: Aggiungi Tag
Nessun Tag, puoi essere il primo ad aggiungerne!!

MARC

LEADER 00000nam a22000003a 4500
001 stu301662
005 20150617230325.4
008 150116s--------xxu-----------------eng-d
020 |a 0-19-852080-8 
040 |a STU  |b slo 
041 0 |a eng 
044 |a xxu 
100 1 |a Coolen, A.C.C.  |4 aut 
245 1 4 |a The Mathematical Theory of Minority Games :  |b Statistical mechanics of interacting agents 
260 |a New York :  |b Oxford University Press,  |c 2005 
300 |a 324 s 
996 |c I*8M5603  |l I  |s A  |a 24  |w stu301662_0001